1002 1756 1481 1631 1641 1291 1843 1611 1362 1614 1354 1644 1927 1291 1590 1333 1986 1222 1310 1999 1353 1296 1905 1034 1420 1985 1806 1028 1140 1078 1247 1324 1500 1699 1399 1763 1989 1948 1966 1159 1631 1159 1773 1168 1508 1645 1658 1989 1515 1970 1386 1665 1792 1267 1594 1142 1572 1661 1490 1258 1074 1753 1873 1891 1428 1300 1592 1188 1577 1140 1883 1395 1584 1799 1884 1070 1962 1691 1564 1220 1442 1806 1485 1417 1449 1231 1840 1786 1682 1498 1643 1523 1392 1437 1796 1949 1177 1271 1748 BCNSPRNW ULIB Ver.6.0+V

เปลี่ยนเป็นภาษาไทย

Change to English
 แสดงรายละเอียดบรรณานุกรม
  กลับหน้าหลัก

Brief Record : Get Marc (ISO 2709) : E-mail record : QR code < ปิดหน้าต่าง
LEADER : 00000nam 2200000uu 4500
001    13399113614
003     ULIB
008    111124s2552||||th 000 0 tha d
020    ^a9786115000210
090    ^aนว.^bณ410ฟ 2552
100 0  ^aณารา
245 00 ^aไฟรัก...เกมร้อน/^cณารา
250    ^aพิมพ์ครั้งที่ 1
260    ^aกรุงเทพฯ :^bพิมพ์คำ,^c2552
300    ^a402 หน้า
710 1  ^aพิมพ์คำ
945    ^p250^l0^i16307
995    ^aกัณชพร
999    ^aใช้งานได้ทุกระบบ
รายการนี้ยังไม่มีแท็ก
คุณยังไม่ได้ล็อกอิน คุณสามารถมีกิจกรรมร่วมกับเว็บไซต์ได้ แต่ต้องล็อกอินก่อน ::
  ล็อกอิน

รายการสื่อสารสนเทศ

ลำดับที่ ประเภท เลขเรียก/บาร์โค้ด สถานที่ สถานะ
1. นวนิยาย
นวนิยาย
นว. ณ410ฟ 2552 ฉ.1 
  Barcode: 16307
ห้องสมุดวิทยาเขตสวรรค์ประชารักษ์
►นวนิยาย
บนชั้น
  ขอยืม

รายการใกล้เคียง
    ผู้แต่ง [ณารา]

BibComment


ยังไม่เคยถูกคอมเมนท์

คอมเมนท์ทรัพยากรรายการนี้
  คอมเมนท์: ไฟรักเกมร้อน ณารา


 Copyright 2026. Bcnsprnw @Library